Tres poetas alicantinos (Record no. 183856)

MARC details
000 -LEADER
campo de control de longitud fija 01107nam a2200265 i 4500
001 - NÚMERO DE CONTROL
campo de control 183856
003 - IDENTIFICADOR DE NÚMERO DE CONTROL
campo de control ES-MaACL
005 - FECHA Y HORA DE LA ÚLTIMA TRANSACCIÓN
campo de control 20250804105439.0
008 - DATOS DE LONGITUD FIJA--INFORMACIÓN GENERAL
campo de control de longitud fija 210819s2012 sp | |||||||| |dspa d
020 ## - NÚMERO INTERNACIONAL ESTÁNDAR DEL LIBRO
Número Internacional Estándar del Libro 978-84-9948-654-3
080 ## - NÚMERO DE LA CLASIFICACIÓN DECIMAL UNIVERSAL
Número de la Clasificación Decimal Universal 821.134.2(460.315)-1"19"(082.2)
245 00 - MENCIÓN DEL TÍTULO
Título Tres poetas alicantinos
Resto del título : Miguel Hernández, Vicente Mojica, Alfredo Gómez Gil /
Mención de responsabilidad, etc. [antólogo] Luis Español Bouché.
260 ## - PUBLICACIÓN, DISTRIBUCIÓN, ETC.
Lugar de publicación, distribución, etc. San Vicente [del Raspeig] (Alicante) :
Nombre del editor, distribuidor, etc. Club Universitario,
Fecha de publicación, distribución, etc. [2012]
300 ## - DESCRIPCIÓN FÍSICA
Extensión 364 p. ;
Dimensiones 24 cm.
504 ## - NOTA DE BIBLIOGRAFÍA, ETC.
Nota de bibliografía, etc. Referencias bibliográficas.
650 #7 - PUNTO DE ACCESO ADICIONAL DE MATERIA--TÉRMINO DE MATERIA
Término de materia o nombre geográfico como elemento de entrada Poesías españolas-
Subdivisión geográfica Alicante (Provincia)
9 (RLIN) 155809
700 1# - ENTRADA AGREGADA--NOMBRE PERSONAL
Nombre de persona Español Bouché, Luis,
Fechas asociadas al nombre 1964-
9 (RLIN) 47768
700 1# - ENTRADA AGREGADA--NOMBRE PERSONAL
Nombre de persona Hernández, Miguel,
Fechas asociadas al nombre 1910-1942
9 (RLIN) 62844
700 1# - ENTRADA AGREGADA--NOMBRE PERSONAL
Nombre de persona Mojica, Vicente.
9 (RLIN) 81827
700 0# - ENTRADA AGREGADA--NOMBRE PERSONAL
Nombre de persona Gómez Gil, Alfredo,
Fechas asociadas al nombre 1936-
9 (RLIN) 57969
852 ## - LOCALIZACIÓN
Ubicación ES-MaACL
Número de control de estantería A-13287
itemnumber 190812
Sublocalización o colección R.150166
Ubicación en estantería Depósito 1
Signatura antigua Olim: N-6287
Anotaciones manuscritas Dedicatoria autógrafa del autor
Donativo/Legado Donación: Luis Español Bouché
903 ## - NOMBRE PERSONAL DE DONANTE
a Español Bouché, Luis,
d 1964-
e Donante
9 47768
942 ## - ELEMENTOS DE ENTRADA SECUNDARIOS (KOHA)
Fuente del sistema de clasificación o colocación Clasificación decimal universal
Tipo de ítem Koha Libro impreso
Holdings
Estatus retirado Estado de pérdida Fuente del sistema de clasificación o colocación Estado de daño No para préstamo Colección Biblioteca de origen Biblioteca actual Ubicación en estantería Fecha de adquisición Fuente de adquisición Total de préstamos Signatura topográfica completa Código de barras Visto por última vez Precio de reemplazo Tipo de ítem Koha Nota pública
    Clasificación decimal universal     Libros con dedicatorias Biblioteca del Ateneo de Madrid Biblioteca del Ateneo de Madrid Depósito 1 19/08/2021 Donación   A-13287 1202644 23/02/2023 23/02/2023 Libro impreso Dedicatoria autógrafa del autor